000 00311 a2200145 4500
001 60049
020 _a8572780998
040 _cAnchieta - Pituba
240 1 0 _aColóquio Jorge Amado
_lpor
245 1 0 _aColóquio Jorge Amado
300 _a171
362 0 _a2006
650 4 _aFicção brasileira
942 _cBK
999 _c60049
_d60049